| 000 | 01106cam a22003014a 4500 | ||
|---|---|---|---|
| 001 | 13322736 | ||
| 005 | 20150119110740.0 | ||
| 008 | 030825r20122004xxka fr2b f001 0 eng d | ||
| 010 | _a2003061322 | ||
| 020 | _a0521835399 | ||
| 020 | _a9780521835398 | ||
| 040 |
_aDLC _cDLC _dDLC _dEG-ScBUE |
||
| 082 | 0 | 0 |
_a621.39732 _222 _bLEE |
| 100 | 1 |
_aLee, Thomas H., _d1959- _937249 |
|
| 245 | 1 | 4 |
_aThe design of CMOS radio-frequency integrated circuits / _cThomas H. Lee. |
| 250 |
_a2nd ed., _breprinted. |
||
| 260 |
_aCambridge, United Kingdom ; _aNew York, United States : _bCambridge University Press, _c2012. |
||
| 300 |
_axviii, 797 p. : _bill. ; _c27 cm. |
||
| 500 | _aIndex : p. 777-797. | ||
| 500 | _aReprint of the 2004 ed. | ||
| 504 | _aIncludes bibliographical references. | ||
| 650 | 0 |
_aMetal oxide semiconductors, Complementary _xDesign and construction _933976 |
|
| 650 | 0 |
_aRadio frequency integrated circuits _xDesign and construction _937096 |
|
| 650 | 0 |
_aRadio _xTransmitter-receivers _931703 |
|
| 653 |
_bENGELC _cJanuary2015 |
||
| 655 |
_vreading book _934232 |
||
| 942 |
_2ddc _k621.39732 LEE |
||
| 999 |
_c18904 _d18876 |
||